Montessori / [por] Dimitrios Yaglis ; tr. por Guadalupe Cevallos

Tallennettuna:
Bibliografiset tiedot
Päätekijä: Yaglis, Dimitrios (autor)
Aineistotyyppi: Kirja
Sarja:Biblioteca Grandes Educadores ; 4
Aiheet:
Tagit: Lisää tagi
Ei tageja, Lisää ensimmäinen tagi!

MARC

LEADER 00000nam^a2200000^u^4500
001 000544354
005 20250521000000.0
008 060220s1000^^^^^^^^^^^^r^^^^^000^0^spa^d
009 20260310131326.811
035 |a FMI 000013512 
037 |a Acervo Xavier Clavigero 
096 |a 8.7.1/96/C/v.4 
100 |a Yaglis, Dimitrios  |e (autor) 
245 1 0 |a Montessori / [por] Dimitrios Yaglis ; tr. por Guadalupe Cevallos 
264 |a México : Trillas, 1989 
300 |a 118 p. 
336 |a texto  |b txt  |2 rdacontenido 
337 |a sin mediación  |b n  |2 rdamedio 
338 |a volumen  |b nc  |2 rdasoporte 
440 0 |a Biblioteca Grandes Educadores ; 4 
597 |a Trad. del francés ("Montessori"). 
649 |a XX 
650 |a Educación 
910 |a Fondo Francisco Migoya Covarrubias S.J. 
920 |a Impresos - Libros 
930 |a Fondos Especiales 
905 |a 134 
901 |a SBC20419  |b IT2  |c ESP  |u 20250521 
902 |a https://opac.biblio.iteso.mx/vufind/Record/000544354